| 000 | 00600nam a22001577a 4500 | ||
|---|---|---|---|
| 005 | 20230617024645.0 | ||
| 008 | 230117b |||||||| |||| 00| 0 eng d | ||
| 020 | _a971-8510-41-9 | ||
| 082 | _aFil. 620.00151076 B554 1997 | ||
| 100 |
_aBesavilla, Venancio I., Jr. _eauthor |
||
| 245 |
_aEngineering mathematics for computerized engineering licensure examination vol. A / _cVenancio I. Besavilla Jr. |
||
| 260 |
_aCebu City: _bBesavilla Engineering Review Center, _cc1997. |
||
| 300 |
_a198p.: _bill. |
||
| 541 | _e4791 c.1, 4913 c.2 | ||
| 650 | _aEngineering mathematics - Examinations, questions, etc. | ||
| 999 |
_c570 _d570 |
||